000 00622nam a22002297a 4500
003 UA-OsUOA
001 6326
007 ta
008 20050810b un ||||| |||| 00| 0 ukr d
100 _aКостюченко Віктор
090 _a82
_bК72
942 _cSA
040 _aUA-OsUOA
_bukr
_cUA-OsUOA
_dUA-OsUOA
245 _aВтеча від власного "Я" (Творчість Володимира Сосюри кінця 1930-х років)
300 _aС.4-8
955 _a0
041 _aukr
080 _a82
044 _aUA
773 0 _w0
_tДивослово
_d2003
_d№4
650 7 _2UDC
999 _c292488
_d292488